<The> Influence of the Macroenvironment on the Development of the Price of Shared Airbnb Accommodation

Vzťahy medzi vybranými ekonomickými a sociálnymi ukazovateľmi a priemernou cenou zdieľaného ubytovania Airbnb v hlavných mestách krajín. Použitie štatistických metód korelácie a regresnej analýzy na vyjadrenie vzťahov medzi závislou premennou vo forme ceny zdieľaného ubytovania v krajinách Európskej...

Descrizione completa

Salvato in:
Dettagli Bibliografici
Autore principale: Kóňa, Jakub, 1995-
Natura: Capitolo di libro
Lingua:inglese
Soggetti:
Tags: Aggiungi Tag
Nessun Tag, puoi essere il primo ad aggiungerne!!

MARC

LEADER 00000naa a2200000 4500
001 0276383
005 20240502074320.9
041 0 |a eng 
044 |a SK 
245 1 0 |a <The> Influence of the Macroenvironment on the Development of the Price of Shared Airbnb Accommodation  |c Jakub Kóňa 
520 |a Vzťahy medzi vybranými ekonomickými a sociálnymi ukazovateľmi a priemernou cenou zdieľaného ubytovania Airbnb v hlavných mestách krajín. Použitie štatistických metód korelácie a regresnej analýzy na vyjadrenie vzťahov medzi závislou premennou vo forme ceny zdieľaného ubytovania v krajinách Európskej únie a ostatnými ekonomickými ukazovateľmi makroprostredia a odvetvia cestovného ruchu. 
610 2 0 |a ekonomika zdieľaná 
610 2 0 |a ruch cestovný 
610 2 0 |a ubytovanie 
610 2 0 |a regresia 
610 2 0 |a Európska únia 
100 1 |a Kóňa, Jakub, 1995-